000 005570000a22001930004500
020 _a0-88113-052-4
041 0 _aSPA
082 0 4 _aG 649.1 S6358a
100 1 _aSmalley, Gary
245 1 0 _aLa llave al corazón de tu hijo / Gary Smalley; Cecilia Romanenghi, Traductor
260 _aMinneapolis, MN., USA : Betania
300 _a159 Pag
500 _aTítulo original : The key to your child's heart
001 10591
942 _cBK
999 _c40106
_d40106
336 _atexto
_btxt
_2rdacontent
337 _2rdamedia
_asin mediación
_bn
338 _2rdacarrier
_avolumen
_bnc